| 000 | 00994nam a22003371a 4500 | ||
|---|---|---|---|
| 001 | 1902 | ||
| 003 | FISKH | ||
| 005 | 20231009112804.0 | ||
| 008 | 070430r20071980enka j 000 f eng d | ||
| 015 |
_aGBA732709 _2bnb |
||
| 016 | 7 |
_a013735623 _2Uk |
|
| 020 | _a9780333631980 | ||
| 020 | _a0230532411 (hbk.) : | ||
| 040 |
_aStDuBDS _beng _cStDuBDS _dUk |
||
| 042 | _aukblsr | ||
| 050 | _aPZ7.M9534 | ||
| 082 | 0 | 4 |
_a823.914 _222 |
| 100 | 1 |
_aMurphy, Jill, _d1949- |
|
| 245 | 1 | 0 |
_aPeace at last / _cJill Murphy. |
| 260 |
_aLondon : _bMacmillan Children's, _c2008. |
||
| 300 |
_a26 unnumbered pages : _bcolor illustrations ; _c27 cm. |
||
| 336 |
_atext _2rdacontent |
||
| 337 |
_aunmediated _2rdamedia |
||
| 338 |
_avolume _2rdacarrier |
||
| 505 | _aK | ||
| 520 | _aMr. Bear spends the night searching for enough peace and quiet to go to sleep. | ||
| 521 | 8 |
_a510
_bLexile |
|
| 521 | 8 |
_aK
_bRaz-Plus |
|
| 655 | 7 |
_aChildren's stories _vPictorial works. _2gsafd |
|
| 942 |
_2ddc _cBK _n0 |
||
| 999 |
_c1902 _d1902 |
||